| 000 | 01560nab a2200301 a 4500 | ||
|---|---|---|---|
| 005 | 20210219162148.0 | ||
| 008 | 991125s1985 mx 000 0 spa u | ||
| 035 | _aUPN01000198828 | ||
| 049 | _aART-E | ||
| 100 | 1 | _aIbáñez Gracia, Tomás | |
| 100 | 1 | _utomasibanez@telefonica.net | |
| 222 | _aATHENEA DIGITAL : REVISTA DE PENSAMIENTO E INVESTIGACION SOCIAL | ||
| 245 | _aFoucault o la ética y la práctica de la libertad. Dinamitar espejismos y propiciar insumisiones | ||
| 260 | _aEspaña | ||
| 300 | _a3-18 | ||
| 362 | 0 | _a2014 Vol. 14, no. 2 | |
| 520 | 3 | _aEste año se cumplen treinta años de la muerte de Michel Foucault y su obra sigue vigente con singular poderío en el conjunto del pensamiento social. Sus conceptos e intuiciones no sólo no ha envejecido, sino que parecen potenciarse singularmente al interior de los activismos y de las modulaciones de la tradición libertaria y anarquista. Repasamos aquí, de manera sintética y sin pretensiones engañosas, las "invariantes" foucaultianas sobre el poder, la resistencia, la ética y la política, y sostenemos que son una sugerente "caja de herramientas" para dinamitar espejismos y propiciar la insumisión y las prácticas de libertad. | |
| 653 | 0 | _aETICA | |
| 653 | 0 | _aPODER | |
| 653 | 0 | _aSUBJETIVIDAD | |
| 653 | 0 | _aLIBERTAD | |
| 856 | 4 | _uhttp://atheneadigital.net/article/view/v14-n2-iba%C3%B1ez/pdf | |
| 905 | _aArticulo | ||
| 336 | _atexto$2rdacontent | ||
| 337 | _acomputadora$2rdamedia | ||
| 338 | _arecurso en linea$2rdacarrier | ||
| 999 |
_c170929 _d170929 |
||